| 000 | 00507nam a2200169Ia 4500 | ||
|---|---|---|---|
| 003 | OSt | ||
| 005 | 20200827113449.0 | ||
| 008 | 190216s9999||||xx |||||||||||||| ||und|| | ||
| 020 | _a8122413005 | ||
| 040 | _coclc | ||
| 082 |
_a539.6 _bGUP/A |
||
| 100 |
_aGupta, Mool Chand _94388 |
||
| 245 | 0 |
_aAtomic And Molecular Spectroscopy / _cMool Chand Gupta |
|
| 260 |
_bNew Age International Publishers, _aNew Delhi: _c2001. |
||
| 300 | _a466p | ||
| 942 |
_cBK _2ddc _h539.6 _iGUP/A _k539.6 _mGUP/A |
||
| 999 |
_c2945 _d2945 |
||